Procesos matrimoniales cann̤icos

Bibliographic Details
Format: eBook
Language:Spanish
Published: Madrid: Dykinson, 2014
Subjects:
Online Access:Acceso restringido

MARC

LEADER 00000nam a22000007a 4500
005 20140603012944.0
007 cr|||| ||||
008 140603s2014 es |||||s|||| 00||0 spa d
020 |a 978-84-9031-863-8 
035 |a 12197 
040 |a vLex 
090 |c 4971  |d 4971 
245 0 0 |a Procesos matrimoniales cann̤icos  |h [Recurso electrn̤ico] / 
256 |a Servicio en ln̕ea 
260 |a Madrid:  |b Dykinson,  |c 2014 
300 |a 1 recurso electrn̤ico 
500 |a Las ponencias, recogidas en el presente son de cuatro Jueces de los Tribunales de la Rota Romana y de la Rota de Espaą. Aclaran y orientan al lector sobre cuestiones tan relevantes como la situacin̤ de las personas que intervienen en el proceso, los criterios de su actuacin̤, su dedicacin̤ y bs︢queda de la verdad con dignidad y lealtad profesional. Se abordan temas cruciales que afectan y pueden ayudar a acortar y mejorar los procesos matrimoniales cann̤icos, con referencia a cuestiones como la ausencia de parte, la ampliacin̤ de la causa y la conformidad equivalente, la prueba secreta y la publicacin̤ de las actas, de mx̀imo interš tanto en el presente como para el futuro. Los cuatro ponentes fueron Mons. Carlos M. Morǹ Bustos, Decano del Tribunal de la Rota de Espaą, cuya ponencia vers ̤sobre los Criterios de actuacin̤ de los miembros del tribunal y los abogados en el desarrollo del proceso de nulidad, Mons. Agostino De Angelis, Juez del Tribunal de la Rota Romana, con una ponencia sobre Propuestas para una rp̀ida resolucin̤ de las causas matrimoniales (con particular referencia a las cuestiones incidentales, al proceso breve y a la ausencia de parte) y los Jueces del Tribunal de la Rota de Espaą: Mons. Felipe Heredia Esteban, con una ponencia sobre Cambio y ampliacin̤ de la causa petendi en el proceso, a la luz de la conformidad equivalente de sentencias y Mons. Enrique de Len̤ Rey sobre la Publicacin̤ de las actas, privacidad de los hechos y prueba secreta. Asimismo se incluye una presentacin̤ del Motu Proprio Quaerit Semper, de 30 de agosto de 2011, el Profesor Dr. Rafael Rodrg̕uez Chacn̤, anterior Presidente de la Asociacin̤, presenta dicha novedad normativa. Una aproximacin̤ al documento, que explic,̤ como siempre, de forma precisa y clara. 
506 1 |a Disponible solo en los productos indicados  |d vLex Global  |d vLex Global (Academic Edition, excluding Law Schools)  |d vLex Global (U.S. Academic Edition, Law Schools)  |d vLex Global (U.S. Academic Edition, excluding Law Schools)  |d vLex Global (Academic Edition, Law Schools) 
650 0 4 |a Derecho Civil  |z Espaą 
650 0 4 |a Familia y Sucesiones  |z Espaą 
740 0 |a vLex Libros (Servicio en ln̕ea) 
856 4 0 |u http://vlex.com/source/procesos-matrimoniales-canonicos-12197  |z Acceso restringido 
942 |c BOOK 
999 0 |a Civil Law 
999 0 |a Family and Inheritance